000 00310cam a2200121ua 4500
082 _a028.73491
_bKOS/HI
100 _aKoshy , John P .
_91729
245 0 0 _aHindi-Hindi-Malayalam Dictionary /
250 _a1 /
260 _aKottayam :
_bVidyarthi Mithram Book Depo ,
_c1963.
300 _a380 ; .
942 _cBK
999 _c9004
_d9004